Регионална библиотека "Любен Каравелов" - Русе

Нормален изглед MARC изглед
  • Мишев, Георги

Вход 01. Лично име

Брой записи, използвани в: 0

001 - Контролен номер на записа

  • Контролно поле: 369126

003 - Код на организацията, даваща контролен номер

  • Контролно поле: BLK

005 - Дата и час на последна промяна на записа

  • Контролно поле: 20250703152522.0

008 - Данни с фиксирана дължина – обща информация

  • Данни с фиксирана дължина : 180422|| aca||aabn | a|a d

100 ## - ИМЕ НА ЛИЦЕ -ПЪРВИЧНА ИНТЕЛЕКТУАЛНА ОТГОВОРНОСТ

  • Лично име: Мишев, Георги
  • Дати, свързани с автора: 1935 -
  • Пълна форма на името: Иванов, Георги Мишев

372 ## - Сфера на дейност

  • Сфера на дейност: Български писател, журналист киносценарист. Редактор в издателство "Народна младеж“ (1967-1970), редактор и сценарист в "Киностудия Бояна" (1973). Председател на Обществения комитет за екологична защита на Русе (1988). Депутат в VII Велико народно събрание (1990-1991).

942 ## - Системна служебна употреба

  • Koha auth type: PERSO_NAME
Vip Innovations Ltd, Rousse, Bulgaria 2025